000 00378nam a2200145Ia 4500
008 240624s9999 xx 000 0 und d
041 _aeng
082 _a658.5 SAN
100 _aSANSBURY JOHN
245 _aOPERATIONAL SUPPORT AND ANALYSIS A GUIDE
250 _a(2nd ed.)
260 _c2015
_aNew Delhi
_bViva Books
300 _axxiv, : 139 : p. : cm. ; 23
365 _cRS
_b33
999 _c27438
_d27438